Languages Quiz 3 - Statistics

General Stats
  • This quiz has been taken 26 times
  • The average score is 7 of 10
Answer Stats
Hint Answer % Correct
Merci is "thank you" from what language French
100%
Afrikaans is derived from this language Dutch
88%
Romance languages are descended from Latin
88%
Eastern Polynesian language spoken by the indigenous population of mainland New Zealand Maori
83%
Hakuna Matata (line from The Lion King) is from what language Swahili
83%
Most widely spoken home language in South Africa Zulu
75%
Also known as Siamese Thai
71%
Dravidian language in Sri Lanka and Singapore Tamil
54%
Language spoken by the Incas Quechua
50%
Greek letter Ψ Psi
42%
No matching quizzes found
Score Distribution
Percent of People with Each Score
Percentile by Number Answered
Your Score History
You have not taken this quiz